Personnages Disney/Pixar - Statistiques

Statistiques générales
  • Ce quiz a été pris 205 fois
    162 depuis la dernière actualisation
  • Le résultat moyen est 155 sur 279
Statistiques - réponses
Films Personnages % Correct
Blanche neige et les 7 nains Blanche-neige
96%
Cendrillon Cendrillon
90%
Alice au pays des merveilles Alice
89%
La Belle et la Bête Belle
88%
Grincheux
88%
Peter pan Peter pan
88%
Prof
88%
Atchoum
87%
Pinocchio Pinocchio
87%
Aladdin Aladdin
86%
Bambi Bambi
86%
Simplet
86%
Dumbo Dumbo
85%
Jasmine
85%
Winnie l'ourson Winnie l'ourson
85%
La petite sirène Ariel
84%
Bernard et Bianca Bernard
84%
Hercule Hercule
84%
Mulan Mulan
84%
Robin des bois Robin
84%
La belle au bois dormant Aurore
83%
Bianca
83%
Merlin l'enchanteur Merlin
83%
Rox et Rouky Rox
83%
Le Roi lion Simba
83%
Lilo et Stitch Lilo
82%
Le livre de la jungle Mowgli
82%
Rouky
82%
Baloo
81%
Geppetto
81%
Joyeux
81%
Kuzco Kuzco
81%
Le monde de Némo / Dory Némo
81%
Pocahontas Pocahontas
81%
Raiponce Raiponce
81%
Stitch
81%
Tarzan Tarzan
81%
Bête
80%
Colère
80%
Dory
80%
Luca Luca
80%
Porcinet
80%
Wendy
80%
Woody
80%
Anna
79%
Buzz l'éclair
79%
La reine des neiges Elsa
79%
Jafar
79%
Les mondes de Ralph Ralph
79%
Ray
79%
Timide
79%
Vaiana Vaiana
79%
Volt, star malgré lui Volt
79%
Coco Lapin
78%
Dormeur
78%
Joie
78%
Mama Coco
78%
Oliver et compagnie Oliver
78%
Peur
78%
La bande a Picsou Picsou
78%
Le voyage d'arlo Arlo
77%
Esmeralda
77%
Fantasia Mickey
77%
Nala
77%
Panpan
77%
Wall-E Wall-E
77%
Cars Flash McQueen
76%
Mufasa
76%
Olaf
76%
La princesse et la grenouille Tiana
76%
Tristesse
76%
Cruella
74%
Dégoût
74%
Le bossu de notre Dame Quasimodo
74%
Raya et le dernier dragon Raya
74%
Capitaine Crochet
73%
Clochard
73%
Marie
73%
Lumière
72%
Tigrou
72%
Gus
71%
Jane
71%
Lady Trémaine
71%
Bourriquet
70%
Génie
70%
Javotte
70%
Maléfique
70%
Rebelle Merida
70%
Polochon
70%
Prince Eric
70%
Vice-versa Riley
70%
Scar
70%
Timon
70%
Anastasie
69%
Kristoff
69%
Ratatouille Rémy
69%
Clochette
68%
Sven
68%
Monstres et cie / Monstres academy Bob
67%
Sully
67%
Abu
66%
Anxiété
66%
Les Aristochats Duchesse
66%
La belle et le clochard Lady
66%
Ursula
66%
Toy Story Andy
65%
Gaston
65%
Prince Jean
65%
Flynn Rider
64%
Hadès
64%
Pongo
64%
Violette
64%
Arthur
63%
Berlioz
63%
Fifi
63%
Martin
63%
Coco Miguel
63%
Encanto Mirabel
63%
Eve
62%
Hans
62%
Sébastien
62%
Zigzag
62%
Bagheera
61%
Zootopie Judy Hopps
61%
La reine de coeur
61%
Pumbaa
61%
Toulouse
61%
Vanellope
61%
Fleur
60%
Jack-Jack
60%
Loulou
60%
Riri
60%
Shere Khan
60%
Maui
59%
Nick Wilde
59%
Flèche
57%
Jessie
57%
Marin
57%
Rex
57%
Envie
56%
Ling
56%
Lucifer
56%
Nani
56%
Nanny
56%
Perdita
56%
Chapelier fou
55%
Iago
55%
John Smith
55%
Ken
55%
Megara
55%
Mushu
55%
Pascal
55%
Prince Naveen
55%
Prince Philippe
55%
Big Ben
54%
Bouh
54%
Ennui
54%
Baymax
52%
Bruno
52%
Là-haut Carl
52%
Elastigirl
52%
Flam
52%
Isabela
52%
Linguini
52%
Les Indestructibles M. Indestructible
52%
Thomas O'Malley
52%
Zeus
52%
Frozone
50%
Petit Gourou
50%
Grand Gourou
49%
Heihei
49%
Jiminy cricket
49%
Lapin blanc
49%
Le Fou
49%
Yzma
49%
Zip
49%
Edgar
48%
Embarras
48%
Mme Samovar
48%
Monsieur Patate
48%
Petit Jean
48%
Les 101 dalmatiens Roger
48%
Sally
48%
Zazu
48%
Belle Marianne
47%
Charlotte
47%
Koda
47%
Louis
47%
Barbie
46%
Doug
46%
Hector
46%
Maximus
46%
Madame Patate
45%
Russell
45%
Jaq
44%
Li Shang
44%
Thimotée
44%
Emile
43%
Ernesto de la Cruz
43%
Lotso
43%
Nostalgie
43%
Anita
41%
Archimède
41%
Docteur Facilier
41%
Edna
41%
Horace
41%
Luisa
41%
Rajah
41%
Jasper
40%
Leon
40%
Meeko
40%
Te-fiti
40%
Doc
39%
Les nouveaux héros Hiro
39%
Pua
39%
Sid
39%
Wish Asha
38%
Bing Bong
38%
Pegase
38%
Syndrome
38%
Bayonne
37%
La sorcière
37%
La Sorcière
37%
Elémentaire Flack
36%
Dante
35%
Fourchette
35%
1001 pattes Tilt
35%
Ellie
34%
Félix
34%
Kévin
33%
Tamatoa
33%
Célia
32%
Abuela Alma
31%
Lucky
31%
Pile Poile
30%
Reine Elinor
30%
Te-ka
30%
Auguste Gusteau
29%
Frère des ours Kenai
29%
Alerte rouge Mei mei
29%
Patch
29%
Chat du Cheshire
28%
Soul Joe Gardner
28%
Sisu
28%
Antonio
27%
Dolores
27%
Alberto
26%
David
24%
Fée marraine
24%
Mme Jumbo
23%
Bruce
22%
Charles Muntz
21%
Couette
21%
Penny
21%
Camilo
20%
Chien Po
20%
En avant Ian
20%
Mère Ghotel
20%
Zurg
20%
Namaari
19%
Roublard
19%
Spot
19%
Aliens
18%
Atta
18%
22
17%
Giulia
17%
Yao
17%
Mirage
16%
Rolly
16%
Crush
11%
Jenny
11%
Molly
11%
Rhino
11%
Collette
9%
Mittens
9%
Barley
7%
Planes Dusty
6%
Lumpy
6%
Heimlich
4%
Aucun quiz correspondant
Distribution des résultats
% des personnes avec chaque résultat
Percentile par nombre de réponses
Votre historique - résultats
Vous n’avez pas pris ce quiz depuis la dernière actualisation